Statistics for O Canada French Lyrics

Click here to take the quiz!

General Stats

  • This quiz has been taken 27 times
  • The average score is 27 of 51

Answer Stats

Answer% Correct
Ô
100%
Canada
100%
nos
77%
ton
73%
Terre
73%
de
73%
Ton
73%
est
64%
la
64%
et
59%
Et
59%
histoire
59%
Il
59%
front
59%
aïeux
55%
glorieux
55%
Car
50%
une
50%
Des
50%
plus
50%
croix
50%
porter
50%
bras
45%
fleurons
41%
épopée
41%
exploits
41%
l'épée
36%
foi
36%
sait
36%
brillants
32%
ta
32%
valeur
32%
Protégera
32%
droits
32%
ceint
27%
foyers
27%
trempée
23%

Score Distribution

Percentile by Number Answered

Percent of People with Each Score

Your Score History

You have not taken this quiz